¿Cómo potenciar la innovación en Chile? /

El crecimiento económico de los países depende crucialmente de cómo evolucione la productividad total de los factores productivos (PTF). A su vez, la expansión de la PTF está estrechamente relacionada a la inversión en investigación y desarrollo (I+D). En este sentido, la economía chilena exhibe hoy...

Descripción completa

Detalles Bibliográficos
Autor principal: Larraín B., Felipe
Formato: Analitica de revista
Lenguaje:español
Publicado: Santiago, Chile CEP 2006

MARC

LEADER 00000cab a2200000 a 4500
001 032075
003 UAHC_CL
005 20180604115934.0
008 030915b xx j 000 1 spa
952 |0 0  |1 0  |4 0  |6 ESTUD___PUBLICOS104_06_000000000000000  |7 0  |8 General  |9 62355  |a BC  |b BC  |c General  |d 2017-08-03  |l 0  |o ESTUD. PUBLICOS-104/06  |p FICTICIO2831  |r 2019-01-08 00:00:00  |t 1  |w 2017-08-03  |y REVA 
999 |c 32075  |d 32075 
040 |a UAHC_CL  |c UAHC_CL  |d UAHC_CL 
100 1 |a Larraín B., Felipe 
245 1 0 |a ¿Cómo potenciar la innovación en Chile? /  |c Felipe Larraín B. 
260 |b CEP  |c 2006  |a Santiago, Chile 
300 |a p. 279-306 
500 |a En: Estudios Públicos. -- Nº104 (primavera, 2006), p. 279-306. ISSN 07161115. 
520 |a El crecimiento económico de los países depende crucialmente de cómo evolucione la productividad total de los factores productivos (PTF). A su vez, la expansión de la PTF está estrechamente relacionada a la inversión en investigación y desarrollo (I+D). En este sentido, la economía chilena exhibe hoy niveles de I+D bastante exiguos, que no se han podido superar a pesar de haber estado en la discusión pública y en las prioridades gubernamentales por largos años. Actualmente la inversión en I+D en Chile corresponde entre 0'6% y 0'7% del PIB. En cambio, países exitosos como Finlandia y Corea tienen niveles de I+D que superan el 3% del PIB.\En este artículo se estudia la importancia de la inversión en investigación y desarrollo para el crecimiento y desarrollo futuro de la economía chilena. Para ello se realiza un análisis de la evidencia empírica y se comprara la situación actual del gasto en I+D con la experiencia internacional. El trabajo se enfoca en factores tales como el nivel de I+D, sus fuentes de financiamiento (público o privado) y la composición de este gasto entre investigación básica y aplicada. Por último, se plantean una serie de propuestas dirigidas a incentivar la inversión en I+D. 
773 0 |t Estudios públicos  |w 032045 
900 |a ESTUD. PUBLICOS-104/06 
942 |c REVA  |2 ddc